00866nam a2200229 a 4500001001000000003000500010005001700015008004100032010001100073011001100084040000900095100003400104245016400138260004200302500006000344502007700404650002400481650003200505650001500537650001400552856007000566000108604CHAP20220329144018.0140226s2012 mx a sm |||||||spa d a105066 a106038 cCHAP1 aGómez López, Rufino Aaron10aEvaluación de sustrato en la germinación y desarrollode plátulas de tigridia (tigridia pavonia L.f. DC.)h[En línea]cpor Rufino Aaron Gómez López. aChapingo, Méx. :bEl autor.,c2012. aPara ver el contenido del material haga clic en la liga aTesis (Ing. Agr. Esp. en Fitotecnia) -- UACH. Departamento de Fitotecnia14aMateria orgánica.14aPlántulasxGerminación.14aSustratos.14aTigridia. aFinding aiduhttp://10.13.5.2/tesis/sist108604.pdfzTeclea aquí